चिन्तन-अनुचिन्तन / (Record no. 118401)
[ view plain ]
| 000 -LEADER | |
|---|---|
| fixed length control field | 01217nam a22002537a 4500 |
| 005 - DATE AND TIME OF LATEST TRANSACTION | |
| control field | 20170124103111.0 |
| 010 ## - LIBRARY OF CONGRESS CONTROL NUMBER | |
| LC control number | A-808324 |
| 020 ## - INTERNATIONAL STANDARD BOOK NUMBER | |
| Terms of availability | 53.00 |
| 035 ## - SYSTEM CONTROL NUMBER | |
| System control number | A-808324 |
| 037 ## - SOURCE OF ACQUISITION | |
| Source of stock number/acquisition | Cen Lib/Ret |
| 040 ## - CATALOGING SOURCE | |
| Original cataloging agency | DPL |
| Language of cataloging | HN |
| 082 ## - DEWEY DECIMAL CLASSIFICATION NUMBER | |
| Classification number | 370.1 |
| Item number | चिन्तन |
| 245 ## - TITLE STATEMENT | |
| Title | चिन्तन-अनुचिन्तन / |
| Statement of responsibility, etc | संपादक रवीन्द्र अग्निहोत्री |
| 246 ## - VARYING FORM OF TITLE | |
| Title proper/short title | Chintan-anuchintan / |
| Remainder of title | sampadak Ravindra Agnihotri |
| 260 ## - PUBLICATION, DISTRIBUTION, ETC. (IMPRINT) | |
| Place of publication, distribution, etc | बीकानेर |
| Name of publisher, distributor, etc | कलासन प्रकशन |
| Date of publication, distribution, etc | 1995 |
| 270 ## - ADDRESS | |
| Address | कल्याणी भवन, मॉडर्न मार्किट |
| City | बीकानेर |
| 300 ## - PHYSICAL DESCRIPTION | |
| Extent | 166पृ. |
| Dimensions | 21सेमी (सजिल्द) |
| 650 ## - SUBJECT ADDED ENTRY--TOPICAL TERM | |
| Topical term or geographic name as entry element | चिन्तन-अनुचिंतन --शिक्षा की गुणवत्ता |
| 9 (RLIN) | 79962 |
| 650 ## - SUBJECT ADDED ENTRY--TOPICAL TERM | |
| Topical term or geographic name as entry element | शिक्षक और समाज--मूल्यांकन |
| 9 (RLIN) | 79963 |
| 650 ## - SUBJECT ADDED ENTRY--TOPICAL TERM | |
| Topical term or geographic name as entry element | The quality of thought-Anucintn--Education |
| 9 (RLIN) | 79964 |
| 650 ## - SUBJECT ADDED ENTRY--TOPICAL TERM | |
| Topical term or geographic name as entry element | Teachers and society--Evaluation |
| 9 (RLIN) | 79965 |
| 700 ## - ADDED ENTRY--PERSONAL NAME | |
| Personal name | अग्निहोत्री, रवीन्द्र |
| 9 (RLIN) | 79966 |
| 942 ## - ADDED ENTRY ELEMENTS (KOHA) | |
| Source of classification or shelving scheme | Dewey Decimal Classification |
| Koha item type | Hindi Books |
| Classification part | 370.1 |
| Call number suffix | चिन्तन |
| Withdrawn status | Lost status | Damaged status | Not for loan | Home library | Current library | Date acquired | Source of acquisition | Cost, normal purchase price | Total Checkouts | Full call number | Barcode | Date last seen | Copy number | Cost, replacement price | Price effective from | Koha item type |
|---|---|---|---|---|---|---|---|---|---|---|---|---|---|---|---|---|
| Central Library | Central Library | 11/09/2015 | Cen Lib/Ret | 53.00 | 370.1 चिन्तन | A-808324 | 11/09/2015 | 1 | 53.00 | 11/09/2015 | Hindi Books |
